00986nam a22002897a 45000010005000000030006000050050017000110080041000280200018000690400032000870500009001190820008001281000017001362450062001532500023002152600046002383000048002844900022003325050008003545200104003625210019004665210020004856000021005059420015005269990015005419520140005563057FISKH20240201143442.0240201b cb ||||| |||| 00| 0 eng d a9780763611484 aFISKH bengcFISKH dFISKH  a469  aPZ7 aCaple, Kathy aWorm is stuck /cWritten and illustrated by Caple, Kathy  aFirst edition 2000 aMassachusetts :bCandlewick Press ,c2000 a8 pages : bcolor illustrations ;c15 cm .  aBrand New Readers aA  aIt's about all the shapes worm turns himself into, and what happens when he tie himself in a knot. 8 a10 bLexile 8 aA bRaz-Plus  2insectsvfiction 2ddccBKn0 c3057d3057 00102ddc40708JUVFa001b002cTK Green 7-57-60d2024-02-01l3oCAP 469 pFISTK02794r2025-10-02 08:27:10s2025-09-15w2024-02-01yBK